000 00481nam a2200193Ia 4500
003 IN-BaIIA
008 211028s9999 xx 000 0 eng d
040 _cIIA Library
080 _a537
_bMEI
100 _aMeites, Louis
_95651
245 0 _aPolarographic techniques
_cLouis Meites
250 _a2nd ed.
260 _aNew York
_bWiley
_c1965
300 _axvii, 752p.
650 _aNASA Thesaurus
650 _aPolarization
_95652
650 _aPolarography
_95653
942 _cBK
999 _c3179
_d3179